Stalinist Cinema and the Production of History : (Record no. 586748)

MARC details
000 -LEADER
fixed length control field 00491nam a2200181 a 4500
008 - FIXED-LENGTH DATA ELEMENTS--GENERAL INFORMATION
fixed length control field 250914s2008##################000#0#eng##
020 ## - INTERNATIONAL STANDARD BOOK NUMBER
ISBN 9780748634453
082 04 - DEWEY DECIMAL CLASSIFICATION NUMBER
Classification number 791.430947
Item number DOB
100 1# - MAIN ENTRY--AUTHOR NAME
Personal name Dobrenko, Evgeniĭ Aleksandrovich,
245 10 - TITLE STATEMENT
Title Stalinist Cinema and the Production of History :
260 ## - PUBLICATION, DISTRIBUTION, ETC. (IMPRINT)
Year of publication 2008.
650 #0 - SUBJECT ADDED ENTRY--TOPICAL TERM
Topical Term Communism and motion pictures.
942 ## - ADDED ENTRY ELEMENTS (KOHA)
Koha item type English Books
Holdings
Withdrawn status Lost status Damaged status Not for loan Home library Current library Shelving location Date acquired Full call number Accession Number Price effective from Koha item type
        Anna Centenary Library Anna Centenary Library 6TH FLOOR, B WING 14.09.2025 791.430947 DOB 372398 14.09.2025 English Books

Find us on the map